|
|
|
|
| LEADER |
00677nam a2200241Ia 4500 |
| 008 |
141122s9999 xx 000 0 und d |
| 040 |
|
|
|c .
|
| 041 |
|
|
|a English
|
| 082 |
|
|
|a 636.089607
|
| 082 |
|
|
|b MCG/O
|
| 100 |
|
|
|a JAMES O D MCGEE
|
| 100 |
|
|
|a NICHOLAS A WRIGHT
|
| 100 |
|
|
|a PETER G ISSACSON
|
| 245 |
|
|
|a Oxford textbook of pathology
|
| 245 |
|
|
|c JAMES O D MCGEE
|
| 260 |
|
|
|b OXFOED UNIVERSITY PRESS
|
| 260 |
|
|
|c 1992
|
| 300 |
|
|
|a 792 Pages
|
| 500 |
|
|
|a LS
|
| 650 |
|
|
|a PATHOLOGY
|
| 942 |
|
|
|c LS
|
| 999 |
|
|
|c 8420
|d 8420
|
| 952 |
|
|
|0 0
|1 0
|4 0
|6 636_089607000000000_MCGO
|7 0
|9 8378
|a COVAS
|b COVAS
|d 0000-00-00
|o 636.089607 MCG/O
|p LS63
|r 2014-11-26
|w 2014-11-26
|y LS
|